000 00579cam a2200217 a 4500
001 12719541
003 OSt
005 20160204120812.0
008 020326s2003 caua 001 0 eng
020 _a0534386369
040 _aSEKU
050 0 0 _aQA39.3
_b.S6 2003
100 1 _aSmith, Karl J.
245 1 0 _aMathematics :
_bits power and utility /
_cKarl J. Smith.
250 _a7th ed.
260 _aPacific Grove, CA :
_bBrooks/Cole,
_cc2003.
300 _a 625 p. :
_bill.
504 _aIncludes bibliographical references
650 0 _aMathematics.
942 _2lcc
_cGEN
999 _c10364
_d10364